| 000 | 00788cam a22002532 4500 | ||
|---|---|---|---|
| 001 | 0000003081 | ||
| 005 | 20151217154337.0 | ||
| 008 | 070427s xx 000 0 eng d | ||
| 020 | _a0070705844 : | ||
| 040 |
_aKABU _cKABU |
||
| 050 | 0 |
_aHG8051 _b.W55 1995 |
|
| 100 | 1 |
_aWilliams, Chester Arthur. _@0000152715 |
|
| 245 | 1 | 0 |
_aRisk management and insurance / _cC. Arthur Williams, Michael L. Smith, Peter C. Young. |
| 250 | _a7th ed. | ||
| 260 |
_aNew York : _bMcGraw-Hill, _c1995. |
||
| 300 | _axxxii, 680 p. | ||
| 650 | 0 |
_aRisk management. _@0000150875 |
|
| 650 | 0 |
_aInsurance. _@0000152709 |
|
| 700 | 1 |
_aSmith, Michael L. _@0000152716 |
|
| 700 | 1 |
_aYoung, Peter C. _@0000152717 |
|
| 908 | _a070427 | ||
| 950 | _@1 | ||
| 999 |
_c10642 _d10642 |
||